La pensée politique des origines a nos jours (Registro nro. 314041)

Detalles MARC
000 -ENCABEZADO
Número de control [NR] 00848nam a2200229 a 4500
005 - FECHA Y HORA DE LA ÚLTIMA TRANSACCIÓN
control field 20210709154445.0
008 - DE LONGITUD FIJA DE DATOS DE ELEMENTOS - INFORMACIÓN GENERAL
Elementos de longitud fija [NR] 210709s1969 fr |||gr|||| 00| 0 fre d
040 ## - FUENTE DE CATALOGACION [NR]
Agencia de catalogación original [NR] CO-BoUCM
Idioma de catalogación [NR] spa
Quien Cataloga Deissy Garcia
Quien Clasifica Deissy Garcia
041 0# - CODIGO DE IDIOMA [R]
Código de idioma para texto/pista de sonido o título separado [R] Francés
100 1# - ASIENTO PRINCIPAL--NOMBRE PERSONAL [NR]
Nombre personal [NR] Imbert, Jean
ID Autoridad 104115
245 13 - MENCION DE TITULO [NR]
Título [NR] La pensée politique des origines a nos jours
Mención de responsabilidad, etc. [NR] Jean Imbert, Henri Morel, René Jean Dupuy.
260 ## - PUBLICACION, DISTRIBUCION, ETC. (PIE DE IMPRENTA) [R]
Lugar de publicación, distribución, etc. [R] París
Nombre del editor, distribuidor, etc. [R] Presses Universitaires de France
Fecha de publicación, distribución, etc. [R] 1969
300 ## - DESCRIPCION FISICA [R]
Extensión [R] 599 páginas
490 0# - MENCION DE SERIE [R]
Mención de serie [R] Thémis. Textes et documents
504 ## - NOTA DE BIBLIOGRAFIA, ETC. [R]
Nota de bibliografía, etc. [NR] Incluye referencias bibliográficas e índices
650 #7 - ASIENTO SECUNDARIO DE MATERIA - TERMINO TEMATICO [R]
Término temático o nombre geográfico como elemento de entrada [NR] Ciencia política
Subdivisión general [R] Historia
9 (RLIN) 37355
650 #7 - ASIENTO SECUNDARIO DE MATERIA - TERMINO TEMATICO [R]
Término temático o nombre geográfico como elemento de entrada [NR] Filosofía política
Subdivisión general [R] Historia
9 (RLIN) 81977
700 1# - ASIENTO SECUNDARIO - NOMBRE PERSONAL [R]
Nombre personal [NR] Morel, Henri
9 (RLIN) 104116
700 1# - ASIENTO SECUNDARIO - NOMBRE PERSONAL [R]
Nombre personal [NR] Dupuy, René-Jean
9 (RLIN) 104117
942 ## - ELEMENTOS DE ENTRADA AGREGADOS (KOHA)
Tipo de ítem principal el descrito en 300a Libro
Sistema de clasificación DEWEY
Tema principal Ciencia política
Edición 1
Clasificación 320.09
Parte restante de la signatura top. I322p
Título oculto en OPAC No
Existencias
Signatura topográfica Código de barras Última vez visto Ejemplar Costo de reposición Price effective from Tipo de ítem Perdido Sistema de clasificación Dañado No prestable Tipo de ítem específico Suprimido Ubicación habitual Ubicación actual Localización Fecha de creación Proveedor Forma de adquisición Costo
320.09 I322p 100161891 09/12/2024 Ej.1 26000.00 17/07/2019 Libro   DEWEY     Libro   BodegaJK Claustro Préstamo 2 días después de solicitado 17/07/2019 12 Donación 0.00